MARC

LEADER 00000nam0a2200000 4500
001 307660
005 20231102002021.0
035 |a (RuTPU)RU\TPU\book\332953 
090 |a 307660 
100 |a 20151022d1965 km y0rusy50 ca 
101 0 |a rus 
102 |a RU 
105 |a a z 001zy 
200 1 |a Электрические методы контроля паровых турбин  |f Е. Г. Олейников 
210 |a Москва  |a Ленинград  |c Энергия  |d 1965 
215 |a 135 с.  |c ил. 
320 |a Библиогр.: с. 129-134. 
606 1 |a Паровые турбины  |x Технический контроль  |x Прочность  |2 stltpush  |3 (RuTPU)RU\TPU\subj\48244  |9 67121 
610 1 |a электрические устройства 
610 1 |a датчики 
610 1 |a контроль 
610 1 |a нагрузки 
675 |a 621.165  |v 4 
700 1 |a Олейников  |b Е. Г.  |g Евгений Григорьевич 
801 1 |a RU  |b 63413507  |c 20151022 
801 2 |a RU  |b 63413507  |c 20151028  |g RCR 
942 |c BK